000 00776nam a2200253Ia 4500
003 OSt
005 20220926024822.0
006 a|||||r|||| 00| 0
007 ta
008 220923b |||||||| |||| 00| 0 eng d
020 _a0198284055
037 _cGeneral Book
040 _aRTL
_cRTL
_beng
041 _2eng
_aeng
082 _aX9.677.N73<-N39, L6
100 _aMabro Robert
_9130287
245 0 _aIndustrialization of Egypt, 1939-1973
_b Policy and
260 _aOxford
_bClarendon press
_c1976
300 _axi, 279p. Bib p 266-74; Appendix p 242-65.
_ccm.
650 _aIndustrial Economics
700 _a Radwan Samir
_916749
942 _hX9.677.N73<-N39, L6
_cGB
_2CC
999 _c645555
_d645555